Compendio y descripción de las indias occidentales
Đã lưu trong:
| Tác giả chính: | |
|---|---|
| Định dạng: | Sách |
| Ngôn ngữ: | Tiếng Tây Ban Nha |
| Được phát hành: |
Washington, D.C
Smithsonian Institution
1948
|
| Loạt: | Smithsonian Miscellaneous Collections, 108
|
| Những chủ đề: | |
| Các nhãn: |
Thêm thẻ
Không có thẻ, Là người đầu tiên thẻ bản ghi này!
|
MARC
| LEADER | 00000nam a2200000 a 4500 | ||
|---|---|---|---|
| 001 | UCO1469 | ||
| 003 | CL-VaPUC | ||
| 008 | 000519e19480000US |||||||||||||||||spa|d | ||
| 082 | 0 | 4 | |a 349.8 |b VAZ |2 21 |
| 100 | 0 | |a Vázquez de Espinosa, Antonio |e author |9 443595 | |
| 245 | 1 | 0 | |a Compendio y descripción de las indias occidentales |
| 300 | |a 801 p | ||
| 942 | |c BK | ||
| 945 | |d 20000519 00:00:00 |a lriquelm | ||
| 260 | |a Washington, D.C |b Smithsonian Institution |c 1948 | ||
| 650 | 0 | |a Derecho Indiano |9 256266 | |
| 650 | 7 | |a EVANGELIZACION |2 CL-VaPUC |9 443596 | |
| 650 | 0 | |a Iglesia y Estado |9 254995 | |
| 650 | 7 | |a TEMPLOS |2 CL-VaPUC |9 266644 | |
| 650 | 0 | |a Costumbres y tradiciones |9 268292 | |
| 650 | 7 | |a OBISPOS |2 CL-VaPUC |9 443597 | |
| 650 | 7 | |a LIDERES RELIGIOSOS |2 CL-VaPUC |9 353296 | |
| 651 | 0 | |a América |9 255182 | |
| 583 | |a last modification |c 20000519 00:00:00 |k Rodrigo Vera | ||
| 490 | 0 | |a Smithsonian Miscellaneous Collections, 108 | |
| 999 | |c 288083 |d 288081 | ||
| 952 | |0 0 |1 0 |4 0 |6 349_800000000000000_VAZ_1948 |7 0 |8 X |9 335298 |a BIBHIS |b BIBHIS |d 2019-11-20 |i 125880K |o 349.8 VAZ 1948 |p 125880K |r 2024-01-30 |w 2019-11-20 |y BK_X |k HIS | ||